| 000 -LEADER |
| fixed length control field |
00783cam a2200193 i 4500 |
| 003 - CONTROL NUMBER IDENTIFIER |
| control field |
OSt |
| 005 - DATE AND TIME OF LATEST TRANSACTION |
| control field |
20200316163458.0 |
| 008 - FIXED-LENGTH DATA ELEMENTS--GENERAL INFORMATION |
| fixed length control field |
190625s2017 ii a b 000 0 eng |
| 020 ## - INTERNATIONAL STANDARD BOOK NUMBER |
| International Standard Book Number |
9789386448033 |
| Qualifying information |
(Hardbound) |
| 040 ## - CATALOGING SOURCE |
| Original cataloging agency |
DLC |
| Language of cataloging |
eng |
| Description conventions |
rda |
| Transcribing agency |
DLC |
| Modifying agency |
DLC |
| 082 ## - DEWEY DECIMAL CLASSIFICATION NUMBER |
| Classification number |
725.71 |
| Item number |
CHA |
| 100 1# - MAIN ENTRY--PERSONAL NAME |
| Personal name |
Chauhan, Jaskaran, |
| Relator term |
author. |
| 245 10 - TITLE STATEMENT |
| Title |
Stylish Indian restaurants : |
| Remainder of title |
new trends in restaurants, bars, cafes & lounge design / |
| Statement of responsibility, etc |
Ar. Jaskaran Chauhan ; art direction & graphic design by Design Art Studio. |
| 300 ## - PHYSICAL DESCRIPTION |
| Extent |
335 pages : |
| Other physical details |
color illustrations ; |
| Dimensions |
29 cm |
| 650 #0 - SUBJECT ADDED ENTRY--TOPICAL TERM |
| Topical term or geographic name as entry element |
Restaurants |
| Geographic subdivision |
India |
| General subdivision |
Design and construction |
| Form subdivision |
Pictorial works. |
| 650 #0 - SUBJECT ADDED ENTRY--TOPICAL TERM |
| Topical term or geographic name as entry element |
Interior architecture |
| Geographic subdivision |
India |
| Form subdivision |
Pictorial works. |
| 710 2# - ADDED ENTRY--CORPORATE NAME |
| Corporate name or jurisdiction name as entry element |
Interior Architecture Group (Ludhiana, India), |
| Relator term |
issuing body. |
| 942 ## - ADDED ENTRY ELEMENTS (KOHA) |
| Source of classification or shelving scheme |
|